00766 a2200217 4500020001500000020001800015082001100033090001500044100002100059245006300080250001400143260004100157300002100198490002800219700002100247830002800268942002500296999001700321952011700338952009300455 a0486435148 a9780486435145 a530.13 c1123d11231 aKittel, Charles.10aElementary statistical physics /cCharles Kittel, Physics. aDover Ed. a[S.l.] :bDover Publications,c2004. a240 p. ;c22 cm.1 aDover books on physics.1 aKittel, Charles. 0aDover books on physics. aSNScBKk530.13 KIT c29738d29738 00104070aSNSbSNSd2016-05-26l1o530.13 KITpSNS0001627q2024-07-04r2024-06-04s2024-06-04w2016-05-26yBK 00104070aSNSbSNSd2016-05-26l0o530.13 KITpSNS0001628r2016-05-26w2016-05-26yBK